<The> Urban Web Politics, Policy, and Theory
Saved in:
| Main Author: | |
|---|---|
| Other Authors: | |
| Format: | Book |
| Language: | English |
| Published: |
Chicago
Nelson-Hall Publ.
1990
|
| Edition: | 1. ed. |
| Series: | Nelson-Hall Series in Political Science
|
| Subjects: | |
| Tags: |
No Tags, Be the first to tag this record!
|
MARC
| LEADER | 00000nam a2200000 4500 | ||
|---|---|---|---|
| 001 | c020213 | ||
| 005 | 20221206122800.6 | ||
| 020 | |a 0-8304-1220-4 | ||
| 041 | 0 | |a eng | |
| 044 | |a US | ||
| 245 | 1 | 0 | |a <The> Urban Web |b Politics, Policy, and Theory |c Lawrence J.R. Herson, John M. Bolland |
| 250 | |a 1. ed. | ||
| 264 | 1 | |a Chicago |b Nelson-Hall Publ. |c 1990 | |
| 300 | |a 512 s. | ||
| 490 | 1 | |a Nelson-Hall Series in Political Science | |
| 830 | 0 | |a Nelson-Hall Series in Political Science | |
| 610 | 2 | 0 | |a mestá |
| 610 | 2 | 0 | |a urbanizácia |
| 610 | 2 | 0 | |a urbanizmus |
| 610 | 2 | 0 | |a správa miestna |
| 610 | 2 | 0 | |a správa štátna |
| 610 | 2 | 0 | |a správa verejná |
| 610 | 2 | 0 | |a štát |
| 610 | 2 | 0 | |a štruktúra obyvateľstva |
| 610 | 2 | 0 | |a financie štátne |
| 610 | 2 | 0 | |a politika verejná |
| 610 | 2 | 0 | |a rozvoj regionálny |
| 610 | 2 | 0 | |a rozvoj územný |
| 100 | 1 | |a Herson, Lawrence J.R. | |
| 700 | 1 | |a Bolland, John M. | |